[Event "Berlin-ch Seniors op 34th"]
[Site "Berlin"]
[Date "2018.02.06"]
[Round "7"]
[White "Borgwardt, Heinz"]
[Black "Stein, Siegfried"]
[Result "0-1"]
[WhiteElo "1551"]
[BlackElo "1747"]
[PlyCount "70"]
[EventDate "2018.01.30"]
[EventType "swiss"]
[EventRounds "9"]
[EventCountry "GER"]
[SourceTitle "EXT 2020"]
[Source "ChessBase"]
[SourceDate "2019.10.17"]
[SourceVersion "1"]
[SourceVersionDate "2019.10.17"]
[SourceQuality "1"]

1. d4 Nf6 2. c4 g6 3. Nf3 Bg7 4. Nc3 d6 5. e4 0-0 6. Be3 e5 7. d5 a5 8. Qd2 Ng4 9. Bg5 f6 10. Bh4 Na6 11. h3 Nh6 12. g4 Nf7 13. Bd3 Bh6 14. Qd1 Bd7 15. Rg1 Ng5 16. Rg3 Nc5 17. Bxg5 fxg5 18. Kd2 Bg7 19. Qe2 h6 20. Kc2 c6 21. Rh1 Qc8 22. Rhg1 Bf6 23. Qf1 Kg7 24. R3g2 Rb8 25. h4 b5 26. Nd2 b4 27. Ne2 cxd5 28. exd5 e4 29. Bxe4 Nxe4 30. Nc1 Nxd2 31. Kxd2 Bxb2 32. hxg5 hxg5 33. Qd3 Bc3+ 34. Kc2 Rf4 35. Qe3 Be5 0-1